000 00177nam a22000857a 4500
082 _a050
245 _aBHAVAN'S NAVNEET - HINDI - OCTOBER 2020
490 _aOCTOBER 2020
942 _cCR
999 _c4857
_d4857